Dino Muss y sus amigos : inicial

Salvato in:
Dettagli Bibliografici
Autore principale: Repún, Graciela, 1951-
Altri autori: Ortiz, Beatriz
Natura: Software eBook
Lingua:spagnolo
Pubblicazione: Boulogne : 2010.
Edizione:1ª ed.
Catalogo:BNM:  Risultati della ricerca del catalogo della biblioteca
Libro di testo Classificazione:
Soggetti:
Tags: Aggiungi Tag
Nessun Tag, puoi essere il primo ad aggiungerne!!
Aggiunto a:2017-03-09
Cambiato in:2022-01-31

MARC

LEADER 00000nam a2200000 a 4500
003 AR-BaBNM
005 20220131124931.0
007 ta
007 co||||---||c||
008 170310s2010 ag a r 000 0 spa d
020 |a 978-987-1557-54-7 
035 |a 000225024 
040 |a AR-BaBNM  |b spa  |e aacr 
080 |a NI 372.3 
100 1 |a Repún, Graciela,  |9 5474  |d 1951- 
245 1 0 |a Dino Muss y sus amigos :  |b inicial /  |c Graciela Repún, Beatriz Ortiz. 
250 |a 1ª ed. 
260 |a Boulogne :  |b Macmillian Publishers,  |c 2010. 
300 |a 135 p., 4 h. de figuras autoadhesivas :  |b il. +  |e 1 CD 
500 |a Incluye CD con la historia narrada por sus autoras.  |a Solicitar sobre con planchas de figuras autoadhesivas en sala. 
650 4 |a Educación inicial  |9 7607 
655 4 |a Libros de texto 
700 1 |a Ortiz, Beatriz  |9 15466 
942 |2 udc  |c LIBRO 
999 |c 186608  |d 186608 
999 |c KOHA-OAI-TEST:186608  |d 186608